Understanding family process : (Record no. 335)
[ view plain ]
| 000 -LEADER | |
|---|---|
| fixed length control field | 00792pam a2200241 a 4500 |
| 001 - CONTROL NUMBER | |
| control field | 4397478 |
| 005 - DATE AND TIME OF LATEST TRANSACTION | |
| control field | 20240208041445.0 |
| 008 - FIXED-LENGTH DATA ELEMENTS--GENERAL INFORMATION | |
| fixed length control field | 921104s1993 caua b 001 0 eng |
| 020 ## - INTERNATIONAL STANDARD BOOK NUMBER | |
| ISBN | 0803937776 |
| 020 ## - INTERNATIONAL STANDARD BOOK NUMBER | |
| ISBN | 0803937784 (pbk.) |
| 040 ## - CATALOGING SOURCE (பட்டியலாக்க மூலம்) | |
| Original cataloging agency | DLC |
| Transcribing agency | DLC |
| Modifying agency | DLC |
| 082 00 - DDC Classification | |
| Class No. | 306.8 |
| DDC Edition Number | 20 |
| Item Number - Author Mark | CAR. |
| 100 1# - MAIN ENTRY--PERSONAL NAME | |
| Personal name | Broderick, Carlfred B. |
| 245 10 - TITLE STATEMENT | |
| Title | Understanding family process : |
| Remainder of title | basics of family systems theory / |
| Statement of responsibility, etc. | Carlfred B. Broderick. |
| 260 ## - PUBLICATION, DISTRIBUTION, ETC. | |
| Place of publication, distribution, etc. | Newbury Park, Calif. : |
| Name of publisher, distributor, etc. | Sage Publications, |
| Date of publication, distribution, etc. | 1993. |
| 300 ## - PHYSICAL DESCRIPTION | |
| Extent (e.g. Volumes, Pages etc.) | xiii, 269 p. : |
| 650 #0 - SUBJECT ADDED ENTRY--TOPICAL TERM | |
| Topical term or geographic name entry element | Families. |
| 650 #0 - SUBJECT ADDED ENTRY--TOPICAL TERM | |
| Topical term or geographic name entry element | System theory. |
| 650 #0 - SUBJECT ADDED ENTRY--TOPICAL TERM | |
| Topical term or geographic name entry element | Communication in families. |
| 856 42 - ELECTRONIC LOCATION AND ACCESS | |
| Uniform Resource Identifier | <a href="http://www.loc.gov/catdir/enhancements/fy0655/92040083-d.html">http://www.loc.gov/catdir/enhancements/fy0655/92040083-d.html</a> |
| 856 41 - ELECTRONIC LOCATION AND ACCESS | |
| Uniform Resource Identifier | <a href="http://www.loc.gov/catdir/enhancements/fy0655/92040083-t.html">http://www.loc.gov/catdir/enhancements/fy0655/92040083-t.html</a> |
| 942 ## - Koha item type (Biblio) | |
| Koha item type | Books in Stacks (Lending) |
| Lost status | Damaged status | Collection code | Home library | Current library | Date acquired | Full call number | Accession Number | Item type |
|---|---|---|---|---|---|---|---|---|
| Lending | WERC Library | WERC Library | 02/08/2024 | 306.8 CAR. | 3442 | Books in Stacks (Lending) |
